LDR 00930naa#a2200169#i#450# 001 EN\\bibl\19211 005 20260603035416.3 100 ## _a20260519b2026####ek#y0engy0150####ca 102 ## _aRU 200 1# _aECONOMIC AND TECHNOLOGICAL APPROACH TO ASSESSING THE SUSTAINABILITY OF SOCIO-ECONOMIC SYSTEMS _eConference article/thesis 210 1# _aMoscow _cAutonomous Non-Profit Educational Organization of Higher Education "Kuban Institute of Vocational Education" _d2026 215 ## _a4 с. 608 ## _aConference article/thesis _2local 675 ## _aЭкономическое положение. Конъюнктура. Развитие хозяйственной структуры. Экономический рост. 338.1 _aРегиональная экономика. Территориальная экономика. 332.1 _z 700 #1 _aChernyavskiy _gVladimir Sergeevich 700 #1 _aKostyushok _gYaroslav Valer'evich 856 4# _akipo.editorum.ru _u